000 00301nam a22001337a 4500
008 170508b xxu||||| |||| 00| 0 eng d
020 _a9780226306933
041 _aeng
080 _a34
100 _a15
101 _aSHJ
245 _aTHE FAILURE OF CORPORATE LAW
_c GREENFIELD, K
942 _2udc
_cBK
999 _c12974
_d12974